000 00336nam a22001457a 4500
008 180813b xxu||||| |||| 00| 0 eng d
020 _a0723670323
041 _aeng
080 _a616.120
082 _a616.120 KOT
100 _a7
101 _aKAR
245 _aHigh blood pressure in the young
_cKotchen.TH.A
942 _2udc
_cBK
999 _c47029
_d47029